Statistics for Countries with Highest Mountains A-Z

Click here to take the quiz!

General Stats

  • This quiz has been taken 202 times
  • The average score is 19 of 24

Answer Stats

mcountryft% Correct
N8848Nepal29,029
99%
C8848China29,029
98%
I8586India28,169
95%
O2980Oman9777
89%
F4810France15,781
88%
P8611Pakistan28,251
88%
U6168United States20,236
88%
Y3666Yemen12,028
88%
Q103Qatar338
87%
R5642Russia18,510
87%
Z2592Zimbabwe8504
87%
B7570Bhutan24,836
84%
J3766Japan12,388
80%
A7492Afghanistan24,580
78%
V4981Venezuela16,342
78%
E6267Ecuador20,561
73%
T7495Tajikistan24,590
71%
H2870Honduras9416
69%
K7439Kyrgyzstan24,406
69%
M5881Myanmar19,295
69%
S4634Switzerland15,203
68%
G5193Georgia17,037
55%
D5110Dem Rep Congo16.765
46%
L3482Lesotho11,424
35%

Score Distribution

Percentile by Number Answered

Percent of People with Each Score

Your Score History

You have not taken this quiz